000 00251nam a22001217a 4500
020 _a0-7214-4208-0
082 _a823
_bDIS/A
100 _aDISNEY, WALT
245 _aALADDIN
260 _aUK
_bLADYBIRD
650 _aENGLISH SHORT STORY
_zUK
942 _cBK
999 _c3701
_d3701